Bulletin / (Record no. 21531)
[ view plain ]
| 000 -LEADER | |
|---|---|
| fixed length control field | 00324cas a2200133 a 4500 |
| 022 ## - INTERNATIONAL STANDARD SERIAL NUMBER | |
| ISSN | 0048-9182 |
| 040 ## - CATALOGING SOURCE | |
| Transcribing agency | NLC |
| 082 ## - DEWEY DECIMAL CLASSIFICATION NUMBER | |
| Classification number | CHO BUL 2003 C109 Or. |
| 245 10 - TITLE STATEMENT | |
| Title | Bulletin / |
| 260 ## - PUBLICATION, DISTRIBUTION, ETC. (IMPRINT) | |
| Place of publication | Regina, Sask. : |
| Name of publisher | The Society |
| 300 ## - PHYSICAL DESCRIPTION | |
| Number of Pages | volumes : |
| Other physical details | illustrations, maps ; |
| Dimensions | 28 cm. |
| 500 ## - GENERAL NOTE | |
| General note | Includes indexes. |
| 942 ## - ADDED ENTRY ELEMENTS (KOHA) | |
| Koha item type | ADB |
| 952 ## - LOCATION AND ITEM INFORMATION (KOHA) | |
| Withdrawn status [LOCAL, KOHA] | 0 |
| Permanent Location | Date acquired | Koha item type | Lost status | Shelving location | Barcode | Current Location | Full call number |
|---|---|---|---|---|---|---|---|
| Library Block C | 2023-07-06 | ADB | C109 | a16609 | Library Block C | CHO BUL 2003 C109 Or. |